Sinfonía de la armonía de las revelaciones celestiales /

Bibliographic Details
Main Author: Hildegard, Saint, 1098-1179 (Author)
Other Authors: Flisfisch, María Isabel (Translator, contributor agent of text.)
Format: Electronic eBook
Language:Spanish
Latin
Published: [Madrid] : Editorial Trotta, [2024]
Edition:Segunda edición.
Series:Colección Estructuras y procesos. Serie Religión.
Subjects:
Online Access:Digitalia Hispánica

MARC

LEADER 00000nam a2200000 i 4500
001 DIGTRO0311
003 NyNyDIG
007 cr |||||||||||
008 240819s2024 sp ob 000 0 spa d
006 m o d
035 |a (OCoLC)1439595783 
040 |a DGITA  |b eng  |e rda  |e pn  |c DGITA 
020 |a 9788413642581  |q (edición digital e-pub) 
020 |z 9788413642475 
041 1 |a spa  |h lat 
050 1 4 |a BV469.H534 ebook 
100 0 |a Hildegard,  |c Saint,  |d 1098-1179,  |e author. 
240 1 0 |a Symphonia armonie celestium revelationum.  |l Spanish  |s (Flisfisch) 
245 1 0 |a Sinfonía de la armonía de las revelaciones celestiales /  |c Hildegarda de Bingen ; traducción de María Isabel Flisfisch ; introducción y comentarios de María Isabel Flisfisch [and 4 others]. 
250 |a Segunda edición. 
264 1 |a [Madrid] :  |b Editorial Trotta,  |c [2024] 
300 |a 1 online resource. 
336 |a text  |b txt  |2 rdacontent 
337 |a computer  |b c  |2 rdamedia 
338 |a online resource  |b cr  |2 rdacarrier 
347 |a text file  |2 rdaft 
347 |b PDF 
347 |b EPUB 
490 1 |a Colección Estructuras y procesos. Serie Religión 
504 |a Includes bibliographical references. 
588 0 |a Online resource; title from ePub title page (Digitalia, viewed August 19, 2024) 
650 0 |a Hymns, Latin. 
650 0 |a Gregorian chants. 
700 1 |a Flisfisch, María Isabel,  |e translator,  |e contributor agent of text. 
700 0 |i Translation of:  |a Hildegard,  |c Saint,  |d 1098-1179.  |t Symphonia armonie celestium revelationum. 
791 2 |a Digitalia (Firm),  |e distributor. 
793 0 |g Digitalia eBook Collection:  |a Trotta Editorial 
776 0 8 |i Print version:  |a Hildegard, Saint, 1098-1179.  |s Symphonia armonie celestium revelationum. Spanish (Flisfisch).  |t Sinfonía de la armonía de las revelaciones celestiales.  |d Madrid : Editorial Trotta, [2024]  |z 9788413642475 
830 0 |a Colección Estructuras y procesos.  |p Serie Religión. 
856 4 0 |3 Digitalia Hispánica  |u https://www.digitaliapublishing.com/a/158407/ 
910 |a Premium collection: 2024